[Event "RUS-chT Premier 2021"]
[White "Andreikin,Dmitry"]
[Black "Shubin,Kirill"]
[WhiteTeam "КПРФ"]
[BlackTeam "СШОР"]
[Site "Sochi"]
[Round "1.1"]
[Annotator "TA"]
[Result "1-0"]
[Date "2021.05.01"]
[WhiteElo "2725"]
[BlackElo "2466"]
[PlyCount "99"]

1. e4 {} e6 2. d4 d5 3. Nd2 c5 4. Ngf3 cxd4 5. Nxd4 Nc6 6. Bb5 Bd7 7. Nxc6 bxc6 8. Bd3 Bd6 {C07: French Tarrasch: 3...c5, 4 Ngf3 and 4 exd5 Qxd5.} 9. Qe2 Qb8 10. Nf3 Ne7 {The position is equal.} 11. e5 Bc7 12. 0-0 c5 {[#]
Strongly threatening ...c4.} 13. c4 $146 ({Predecessor:} 13. c3 h6 14. Re1 0-0 15. Be3 Bxe5 16. Bxc5 Bd6 17. Ne5 Bxe5 18. Qxe5 Qxe5 19. Rxe5 {1/2-1/2 (35)
Caputcuoglu,Z (1737)-Alumert,O (1861) Konya 2018} )h6 14. b3 0-0 15. Ba3 Rc8 16. Rac1 (16. Bc2 {feels hotter.} Qb6 17. Rfe1 Bc6 18. cxd5 Bxd5 19. Rac1 )Nc6 (16... Bb6 $11 {keeps the balance.} )17. cxd5 $16 ({Much weaker is} 17. Bxc5 $6 Nxe5 18. Nxe5 Bxe5 $11 )exd5 {} 18. Rxc5 (18. Bxc5 Nxe5 19. Nxe5 Bxe5 $14 )Nxe5 19. Nxe5 ({Much less strong is} 19. Rxd5 $6 Bc6 $16 )Bxe5 20. Rxc8+ (20. Rxd5 $18 {is the precise move to
win.} Bxh2+ 21. Kh1 )Bxc8 21. Bb2 Bxh2+ 22. Kh1 {} Bd6 23. Qe8+ Bf8 {[#]} 24. Bh7+ $1 {White leaves nothing to chance now.} Kxh7 25. Qxf8 {} f6 26. Bxf6 $1 {} Qb7 {[#]} 27. Re1 $1 {Intending Re7! and mate.} Bf5 {[#]} 28. Qe7 {} Qxe7 29. Rxe7 { Endgame KRB-KRB} Kg6 30. Bd4 Bb1 31. a3 ({Don't take} 31. Bxg7 a5 $14 )a5 32. Rxg7+ Kf5 33. f3 Rb8 34. Rf7+ Ke6 35. Rf6+ Kd7 36. Ra6 Rxb3 37. Rxa5 Bd3 ({Black should try} 37... Kc6 )38. Rxd5+ {White is
clearly better.} Ke6 39. Ra5 h5 40. Re5+ Kf7 41. Rxh5 Rxa3 42. Kh2 Ra2 43. Rg5 Bf1 44. Kg1 Bd3 45. Rd5 Rc2 46. Be3 Bc4 47. Rd4 Ke6 48. Bd2 Ke5 49. Rd8 Bd5 {
[#]} 50. Bf4+ $1 { Weighted Error Value: White=0.07/Black=0.12} 1-0

[Event "RUS-chT Premier 2021"]
[White "Lobanov,Sergei"]
[Black "Dreev,Aleksey"]
[WhiteTeam "СШОР"]
[BlackTeam "КПРФ"]
[Site "Sochi"]
[Round "1.2"]
[Annotator "TA"]
[Result "1/2-1/2"]
[Date "2021.05.01"]
[WhiteElo "2520"]
[BlackElo "2647"]
[PlyCount "67"]

1. e4 {} c6 2. d4 d5 3. Nc3 dxe4 4. Nxe4 Nf6 5. Nxf6+ exf6 6. c3 Bd6 7. Bd3 0-0 8. Qc2 Re8+ {
B15: Caro-Kann: 3 Nc3: 3...g6 and 3...dxe4 4 Nxe4 Nf6 5 Nxf6+ exf6.} 9. Ne2 h5 10. Be3 (10. 0-0 {with more complications.} f5 11. Re1 g6 12. Bd2 Nd7 13. Nf4 )Nd7 {} 11. 0-0-0 Nf8 12. c4 Be6 {[#]} 13. a3 $146 ({Predecessor:} 13. Nc3 Bb4 14. Kb1 Rc8 15. Ne4 b5 16. c5 Re7 17. Nd6 Rb8 18. Bf4 Ba5 19. Be4 {1-0 (48) Lobanov,S (2522)-Abdusattorov,N 
(2627) Chess.com INT 2020} )Rc8 14. h3 h4 15. Nc3 Ng6 16. Kb1 a6 17. c5 Bc7 18. Bf5 Ne7 19. Bxe6 fxe6 20. Qe4 Nf5 {The position is equal.} 21. Bf4 Bxf4 22. Qxf4 Qc7 23. Qe4 Rcd8 24. Rd3 Qf7 25. Rhd1 Rd7 26. d5 cxd5 27. Nxd5 Rxd5 28. Rxd5 exd5 29. Qxf5 $11 {KQR-KQR} Re5 30. Qc8+ Re8 31. Qf5 Re5 32. Qc8+ Re8 33. Qf5 Re5 34. Qc8+ {Weighted Error Value: White=0.07/Black=0.04} 1/2-1/2

[Event "RUS-chT Premier 2021"]
[White "Alekseev,Evgeny"]
[Black "Usmanov,Vasily"]
[WhiteTeam "КПРФ"]
[BlackTeam "СШОР"]
[Site "Sochi"]
[Round "1.3"]
[Annotator "TA"]
[Result "1/2-1/2"]
[Date "2021.05.01"]
[WhiteElo "2619"]
[BlackElo "2447"]
[PlyCount "80"]

1. c4 {} e6 2. Nf3 d5 3. e3 Nf6 4. Nc3 Be7 5. b3 0-0 6. Bb2 b6 7. cxd5 {A13: English Opening: 1...e6.} exd5 8. d4 Bb7 9. Bd3 a6 10. 0-0 Bd6 11. Ne2 Nbd7 12. Ng3 Re8 13. Qc2 g6 {[#]} 14. Rfc1 $146 ({Predecessor:} 14. Nd2 Rc8 15. Rac1 Qe7 16. Rfe1 Qe6 17. Nf3 Ne4 18. Nxe4 dxe4 19. Bc4 Qe7 20. Nd2 {0-1 (34) Barpiyeva,G (2009)-Zatonskih,A (2424)
Germany 2020} )Rc8 15. a4 Qe7 16. Qe2 Ra8 17. Rc2 Ne4 18. Qd1 Ndf6 19. Rac1 Rac8 20. Ne5 Nxg3 21. hxg3 c5 (21... h5 $11 )22. Qe2 a5 23. Bb5 Red8 24. Nd3 Ne4 25. Nf4 h5 26. Rd1 Qg5 (26... cxd4 $11 27. Bxd4 Rxc2 28. Qxc2 Bc5 )27. Rcc1 (27. Bd3 $1 $14 )Bf8 28. Ba6 Bxa6 29. Qxa6 h4 30. gxh4 Qxh4 31. Qe2 g5 32. g3 Qh7 ({Black should play} 32... Qh6 $11 33. Nh5 c4 34. bxc4 dxc4 )33. Nh5 $14 c4 34. bxc4 Rxc4 35. g4 (35. Rxc4 $16 dxc4 36. Rc1 )Rxc1 $11 ({
Avoid the trap} 35... Rxa4 $2 36. f3 $18 )36. Rxc1 {[#] Strongly threatening
f3.} f5 37. Qf3 Bb4 38. Qxe4 fxe4 {The position is equal.} 39. Nf6+ {
[#] Double Attack} Kh8 40. Nxh7 Kxh7 {Weighted Error Value: White=0.17/Black=0.
16} 1/2-1/2

[Event "RUS-chT Premier 2021"]
[White "Pershin,Denis"]
[Black "Zvjaginsev,Vadim"]
[WhiteTeam "СШОР"]
[BlackTeam "КПРФ"]
[Site "Sochi"]
[Round "1.4"]
[Annotator "TA"]
[Result "1/2-1/2"]
[Date "2021.05.01"]
[WhiteElo "2391"]
[BlackElo "2614"]
[PlyCount "120"]

1. d4 {} Nf6 2. c4 e6 3. Nc3 d5 4. cxd5 exd5 5. Bg5 c6 6. Qc2 Be7 7. e3 Bg4 8. Bd3 Bh5 9. Nge2 Bg6 10. h3 {D35: Queen's Gambit Declined:
Exchange Variation.} Nbd7 11. Ng3 Bxd3 12. Qxd3 g6 13. Bh6 Bf8 {[#]} 14. Bf4 $146 ({Predecessor:} 14. Bxf8 Nxf8 15. f4 Nh5 16. Nxh5 Qh4+ 17. g3 Qxh5 18. Kf2 0-0-0 19. b4 a6 20. a4 {1-0 (32) Marschall,J-Wolffram,G Bad Wildbad 1993} )Bg7 15. 0-0 0-0 16. Rfc1 Re8 17. b4 Rc8 18. Rab1 h6 19. Nf1 b5 20. a4 a6 21. a5 Qe7 22. Nd2 Qe6 23. Rc2 Bf8 24. Na2 g5 25. Bh2 g4 26. hxg4 Nxg4 27. Bf4 Bd6 (27... Ndf6 $142 )28. Rbc1 (28. Bxd6 $16 Qxd6 29. Nf1 )Bxf4 $14 29. exf4 Kh8 (29... Ndf6 $16 )30. Nf3 Rg8 31. Nc3 $1 Rg7 32. Ne2 ({White should try
} 32. Nh4 $18 )Ndf6 $16 {Threatening ...Ne4.} 33. Ne5 Ne4 34. Nxg4 (34. Qf3 $1 $16 f5 35. Ng3 Nxe5 36. dxe5 (36. fxe5 Nxg3 37. fxg3 Rg4 $16 ))Rxg4 (34... Qxg4 $11 35. Ng3 Rcg8 )35. Qf3 $14 {And now f5 would win.} (35. f3 Rxg2+ $3 {} 36. Kf1 Qh3 $1 37. Ng1 Rxg1+ $1 {} 38. Ke2 Rg2+ 39. Ke3 Re8 40. Rxg2 Nc5+ 41. Qe4 Rxe4+ 42. Kf2 Nd3+ 43. Kg1 Nxf4 44. Rh2 Ne2+ 45. Rxe2 Rxe2 46. Rxc6 Qg2# )f5 36. Ng3 (36. Qe3 {seems wilder.} Rgg8 37. g3 Qd6 38. Kh2 Rge8 39. Ng1 )Rg6 (36... Rxg3 $14 37. fxg3 Qg6 )37. Nxe4 dxe4 38. Qh5 e3 39. d5 Qf7 (39... exf2+ $16 40. Rxf2 Qf7 )40. Kf1 $1 $18 Rcg8 41. dxc6 (41. Rxc6 $142 Qxd5 42. Rxg6 Rxg6 43. Qxg6 Qd3+ 44. Kg1 exf2+ 45. Kh2 f1=N+ 46. Rxf1 $1 {} Qxf1 47. Qxh6+ Kg8 48. Qg6+ (48. Qxa6 Qxf4+ 49. g3 Qf2+ 50. Kh3 Qf3 $18 )Kh8 49. Qh6+ Kg8 50. Qg6+ (50. Qxa6 Qxf4+ 51. g3 Qxb4 $18 )Kf8 51. Qxf5+ Kg7 52. Qd7+ Kf6 53. Qd6+ Kf7 54. Qc7+ Kf8 55. Qd6+ Kf7 56. Qd7+ Kf8 57. Qd6+ Kf7 )Qg7 $2 (41... Qd5 {was worth a try.} 42. Qf3 (42. fxe3 Qd3+ 43. Qe2 Rxg2 $11 )Qd3+ 43. Qe2 Qe4 )42. g3 {
Strongly threatening c7.} (42. c7 Rxg2 43. fxe3 (43. c8=Q Rxf2+ 44. Rxf2 Qg1+ {
 Double Attack} 45. Ke2 Qxf2+ { Double Attack} 46. Kd3 Qd2# )Rg1+ 44. Ke2 Qg2+ 45. Kd3 Qd5+ 46. Kc3 Qc4+ 47. Kb2 Qxb4+ 48. Ka2 Qa4+ 49. Kb2 Qb4+ 50. Ka2 Qxa5+ 51. Kb2 Qb4+ 52. Ka2 Qa4+ 53. Kb2 Qb4+ 54. Ka2 Qa4+ 55. Kb2 Qb4+ $11 )exf2 43. Rc3 (43. Rxf2 Rxg3 44. Qg5 Rxg5 45. fxg5 Qxg5 46. Rc3 Qg1+ 47. Ke2 Rd8 48. Rd3 Rxd3 49. Kxd3 Qxf2 50. Kc3 Qg3+ 51. Kd2 Qg2+ 52. Ke3 Qxc6 53. Kd2 f4 54. Kd3 Qf6 55. Ke2 f3+ 56. Ke3 f2 57. Ke2 f1=Q+ 58. Kd2 Q6f2+ 59. Kc3 Qh3# )Re6 {[#]} ({Weaker is} 43... Rxg3 44. Rxg3 Kh7 45. Rxg7+ Rxg7 46. Qxf5+ Kg8 47. Kxf2 Rg4 48. Qxg4+ Kf7 49. Qf5+ Kg8 50. Rg1+ Kh8 51. Qf8+ Kh7 52. Qg8# )44. Qf3 $1 (44. Kxf2 Qd4+ 45. Kg2 Qxf4 $11 )Qd4 $2 (44... Rc8 {was necessary.} 45. Qxf2 Rc7 )45. c7 Rc8 46. Qxf2 Qxb4 47. Rd3 {Rd8+ is the strong threat.} Qe4 48. Rd8+ Kh7 49. Kg1 ({Not} 49. Rxc8 Qh1+ 50. Qg1 Qf3+ 51. Qf2 Qh1+ 52. Qg1 Qf3+ 53. Qf2 Qh1+ $11 )Re8 {[#]} 50. Rxe8 (50. Rd6 $1 $18 {is the precise move to win.} )Qxe8 {
Endgame KQR-KQR} 51. Qc5 (51. Qd4 $16 )Qd7 $1 $11 52. Kh2 b4 $1 53. Kh3 b3 54. Qb6 b2 ({Better is} 54... Qf7 $1 $11 )55. Rc6 ({White should play} 55. Rc2 $14 )Qxc6 {The position is equal.} 56. Qxc6 {Threatening mate with
Qd7+.} b1=Q 57. Qd7+ { Double Attack} Kg6 {} 58. Qe6+ Kg7 {} 59. Qe7+ Kg6 {} 60. Qe6+ { Double Attack} Kg7 { Blacks defense is rewarded with a draw.  Weighted Error
Value: White=0.24/Black=0.26} 1/2-1/2

[Event "RUS-chT Premier 2021"]
[White "Rublevsky,Sergei"]
[Black "Askerov,Marat"]
[WhiteTeam "КПРФ"]
[BlackTeam "СШОР"]
[Site "Sochi"]
[Round "1.5"]
[Annotator "TA"]
[Result "1-0"]
[Date "2021.05.01"]
[WhiteElo "2642"]
[BlackElo "2353"]
[PlyCount "93"]

1. e4 {} c6 2. d4 d5 3. e5 Bf5 4. Nd2 e6 5. Nb3 Ne7 6. Nf3 {
B12: Caro-Kann: Advance Variation.} Nd7 7. Be2 h6 8. 0-0 {White has an edge.} Bh7 9. Bd2 {9.Bd2 has become a bit dusty these days.} Nf5 10. Bd3 Bg6 11. Qe2 {
[#]} h5 $146 ({Predecessor:} 11... Be7 12. g4 Nh4 13. Nxh4 Bxd3 14. Qxd3 Bxh4 15. f4 Qe7 16. Qh3 0-0-0 17. Na5 g5 {1-0 (34) Markovic,I (2469)-Ratkovic,M 
(2359) Palic 2014} )12. g3 a6 13. Rad1 c5 (13... Be7 $11 )14. dxc5 ({White
should try} 14. c4 $1 $16 { And now cxd5 would win.} dxc4 15. Bxc4 )Nxc5 $14 15. Nxc5 Bxc5 {[#]} 16. Bb5+ $1 Kf8 (16... axb5 17. Qxb5+ )17. Bd3 Qb6 18. Bg5 Be7 (18... Rc8 $14 )19. c4 $1 $16 dxc4 20. Bxf5 Bxf5 21. Qxc4 f6 22. exf6 gxf6 {[#]} 23. Qc3 $1 e5 (23... Qc5 $16 24. Qxc5 (24. Bxf6 Qxc3 25. Bxc3 Rh7 $16 )Bxc5 )(23... Qc6 24. Bxf6 )24. Nxe5 $1 $18 Kg7 25. Nd7 Qc6 {[#] Threatens to win with ...Qxc3.} 26. Qxc6 (26. Rfe1 $1 $18 {is the precise
move to win.} Rae8 (26... Qxc3 27. Rxe7+ )27. Qxc6 bxc6 {[#]} 28. Rxe7+ $1 {
 Remove Defender, Decoy} Rxe7 29. Bxf6+ { Double Attack} Kf7 30. Bxe7 (30. Bxh8 Rxd7 31. Rc1 Rd2 $16 )Kxe7 31. Ne5 )bxc6 $16 {
[#]} 27. Rfe1 $1 Bd8 28. Bf4 (28. Be3 {seems wilder.} Re8 29. Rd4 Ba5 30. Rc1 Rad8 31. Rc5 )Ra7 (28... Kf7 $142 )29. Nb8 $36 { White has
strong initiative.} Ba5 30. Nxc6 Bxe1 31. Nxa7 Re8 32. Be3 Ba5 33. Rd5 Re5 34. Rxe5 fxe5 $18 { Endgame KBB-KBN} 35. Nc6 Bc7 36. Nb4 a5 37. Nd5 Bd6 38. b3 (38. Nb6 $18 )Bb4 (38... Kf7 $16 39. Bd2 Ke6 )39. Nxb4 axb4 {KB-KB
} 40. Bc5 Bb1 41. a3 ({Don't take} 41. Bxb4 Bxa2 42. Bc3 Bxb3 $16 )bxa3 42. Bxa3 Kg6 43. Kg2 Kf5 (43... e4 {might work better.} 44. Kh3 Kg5 )44. Kh3 Ke4 $2 (44... Be4 45. Kh4 Bf3 )45. Bc5 $2 (45. Kh4 Kf3 46. Bc5 )Kf3 $2 (45... Kf5 46. Kh4 Kg6 )46. Kh4 Bg6 47. Kg5 {Weighted Error Value: White=0.21/
Black=0.32} 1-0

[Event "RUS-chT Premier 2021"]
[White "Saveliev,Alexei"]
[Black "Sychev,Klementy"]
[WhiteTeam "СШОР"]
[BlackTeam "КПРФ"]
[Site "Sochi"]
[Round "1.6"]
[Annotator "ChessBase"]
[Result "0-1"]
[Date "2021.05.01"]
[WhiteElo "2358"]
[BlackElo "2572"]
[PlyCount "66"]
[TimeControl "60"]

1. e4 {[%emt 0:0:0]} c5 {[%emt 0:0:3]} 2. Nf3 {[%emt 0:0:0]} d6 {[%emt 0:0:0]} 3. d4 {[%emt 0:0:0]} cxd4 {[%emt 0:0:11]} 4. Nxd4 {[%emt 0:0:0]} Nf6 {[%emt 0:0:7]} 5. Nc3 {[%emt 0:0:4]} a6 {[%emt 0:0:55]} 6. Be2 {[%emt 0:4:9]
} e5 {[%emt 0:1:31]} 7. Nb3 {[%emt 0:0:5]} Be7 {[%emt 0:0:6]
} 8. g4 {[%emt 0:9:58]} h6 {[%emt 0:3:35]} 9. g5 {[%emt 0:6:29]} hxg5 {[%emt 0:2:6]
} 10. Bxg5 {[%emt 0:0:6]} Nc6 {[%emt 0:23:34]} 11. Qd2 {[%emt 0:12:23]
} b5 {[%emt 0:0:36]} 12. a3 {[%emt 0:12:5]} Be6 {[%emt 0:0:42]
} 13. 0-0-0 {[%emt 0:3:56]} b4 {[%emt 0:9:22]} 14. axb4 {[%emt 0:1:13]} Nxb4 {[%emt 0:3:38]} 15. f4 {[%emt 0:16:32]} Qc7 {[%emt 0:16:4]} 16. Kb1 {[%emt 0:0:0]} Rb8 {[%emt 0:3:7]} 17. f5 {[%emt 0:4:33]} Bd7 {[%emt 0:4:23]} 18. h4 {[%emt 0:2:17]} a5 {[%emt 0:1:25]} 19. Bxf6 {[%emt 0:5:39]} gxf6 {[%emt 0:0:24]
} 20. Nd5 {[%emt 0:1:47]} Nxd5 {[%emt 0:1:23]} 21. Qxd5 {[%emt 0:0:4]
} Bc6 {[%emt 0:10:30]} 22. Qc4 {[%emt 0:10:56]} Qb6 {[%emt 0:0:0]} 23. Rhg1 {[%emt 0:5:16]} a4 {[%emt 0:1:40]} 24. Rg7 {[%emt 0:0:26]} Rf8 {[%emt 0:0:58]} 25. Bh5 {[%emt 0:1:2]} axb3 {[%emt 0:2:22]} 26. Bxf7+ {[%emt 0:0:10]
} Kd8 {[%emt 0:0:5]} 27. cxb3 {[%emt 0:0:6]} Rxf7 {[%emt 0:0:0]} 28. Rxf7 {[%emt 0:0:39]} Bxe4+ {[%emt 0:2:53]} 29. Qxe4 {[%emt 0:0:0]} Qxb3 {[%emt 0:0:6]} 30. Rd2 {[%emt 0:0:54]} Qxf7 {[%emt 0:0:9]} 31. Qg4 {[%emt 0:0:14]} Ra8 {[%emt 0:0:19]} 32. h5 {[%emt 0:0:47]} Qa2+ {[%emt 0:0:21]
} 33. Kc2 {[%emt 0:0:0]} Ra4 {[%emt 0:0:47]} 0-1

[Event "RUS-chT Premier 2021"]
[White "Matlakov,Maxim"]
[Black "Truskavetsky,Alexandr"]
[WhiteTeam "Медный всадник"]
[BlackTeam "Киммерия"]
[Site "Sochi"]
[Round "1.7"]
[Annotator "TA"]
[Result "1-0"]
[Date "2021.05.01"]
[WhiteElo "2688"]
[BlackElo "2387"]
[PlyCount "57"]

1. e4 {} c5 2. Nf3 Nc6 3. Bb5 e6 4. 0-0 Nge7 5. d4 cxd4 6. Nxd4 Qb6 {6...Ng6 is the hot move.} 7. Nxc6 {B30: Sicilian: 2...Nc6 3
Bb5, lines without ...g6.} bxc6 8. Bd3 Ng6 9. c4 {White has an edge.} Be7 10. Nc3 0-0 11. Na4 Qc7 12. c5 {[#]} e5 $146 ({Predecessor:} 12... d5 13. cxd6 Bxd6 14. g3 c5 15. Be3 Ne5 16. Be2 Bb7 17. Rc1 Bxe4 18. Nxc5 Bc6 {1-0 (27) Caruana,
F (2811)-Lenic,L (2662) chess.com INT 2018} )13. Be3 Nf4 14. Bc4 Rd8 15. Qf3 Ne6 16. Rfd1 Rb8 17. b3 Bf6 18. Qg3 Nf4 19. Rd6 {[#] And now Rxf6 would win.} Be7 20. Rad1 (20. Bxf4 $142 {White threatens Bh6! and mate.} exf4 21. Qxf4 )Bxd6 $4 { Loses the game.} (20... Rb4 $16 {is a better chance.
} 21. R6d2 (21. Bxf4 exf4 22. Qc3 Bxd6 $11 )Rxc4 22. bxc4 Ne6 )21. cxd6 $18 Qb7 22. Qg5 {} Re8 {[#]} 23. Qe7 $3 {} Rf8 ({Inferior is} 23... Rxe7 24. dxe7 h5 25. e8=Q+ Kh7 26. Bxf7 Ne2+ 27. Kh1 Ng3+ 28. fxg3 g5 29. Bxg5 Kg7 30. Qg8# )24. Qxe5 Ne6 25. f4 Kh8 26. f5 f6 27. fxe6 fxe5 28. e7 {} Re8 29. Rf1 {Weighted Error Value: White=0.06/
Black=0.66} 1-0

[Event "RUS-chT Premier 2021"]
[White "Musalov,Ruslan"]
[Black "Esipenko,Andrey"]
[WhiteTeam "Киммерия"]
[BlackTeam "Медный всадник"]
[Site "Sochi"]
[Round "1.8"]
[Annotator "TA"]
[Result "0-1"]
[Date "2021.05.01"]
[WhiteElo "2359"]
[BlackElo "2701"]
[PlyCount "87"]

1. e4 {} c6 2. d3 d5 3. Nd2 e5 4. Ngf3 Bd6 5. d4 exd4 6. Bd3 {B10: Caro-Kann: 2 d3 and 2 c4.} Ne7 7. 0-0 c5 $5 { A promising side line.} 8. exd5 {The position is equal.} Nxd5 {[#]} 9. Ne4 $146 ({Predecessor:} 9. Re1+ Be6 10. Ne4 h6 11. Bb5+ Nc6 12. b4 Ndxb4 13. c3 Nd5 14. cxd4 0-0 15. dxc5 {1/2-1/2 (31) Rook,D (2487)-Gburek,J
(2503) GER email 2016} )Be7 10. Nfg5 (10. c3 $11 {remains equal.} )h6 $17 11. Nf3 Nc6 12. c3 dxc3 13. bxc3 0-0 14. Bc2 Be6 15. Re1 Qa5 16. Rb1 Rfd8 ({Not} 16... Nxc3 17. Qd3 $16 )17. Bd2 Qc7 ({Reject} 17... Qxa2 $6 18. Ra1 $11 )18. Qe2 b6 19. Rbd1 Bf8 (19... Nf4 $17 20. Qa6 Nd5 )20. Bb1 (20. Bxh6 $11 gxh6 21. Rxd5 )Be7 ({Black should play} 20... Nf4 $17 21. Qe3 Nh5 )21. Ng3 (21. Bc2 $1 $11 )Nf6 $36 { Black is on the roll. White is
now going downhill.} 22. Nh4 (22. h3 $142 )Bg4 23. f3 Be6 24. Nhf5 Bf8 25. Bc1 Ne7 26. Nxe7+ Qxe7 27. Qc2 Rxd1 28. Qxd1 Rd8 29. Qc2 {[#]} g6 $1 30. f4 Bb3 31. Qf2 {[#]} Rd1 $1 32. Rxd1 Bxd1 33. h3 Ba4 34. Bd3 Bc6 35. Kh2 Bg7 36. Bd2 h5 37. Kg1 Qd8 38. Qe2 Bh6 (38... Qd6 $142 39. Bc2 h4 )39. Nf1 $19 Qd6 40. Bc2 Bxf4 41. Bxf4 Qxf4 42. Qe7 $2 (42. Bxg6 fxg6 43. Qe6+ Kg7 44. Qxc6 )Nd5 43. Qxa7 (43. Qe1 $142 Bb5 44. c4 Qxc4 45. Bb3 Qd4+ 46. Qf2 )Nxc3 {
( -> ...Ne2+)} 44. Bd3 {Weighted Error Value: White=0.43/Black=0.15} 0-1

[Event "RUS-chT Premier 2021"]
[White "Fedoseev,Vladimir"]
[Black "Alexeev,Alexey"]
[WhiteTeam "Медный всадник"]
[BlackTeam "Киммерия"]
[Site "Sochi"]
[Round "1.9"]
[Annotator "TA"]
[Result "1-0"]
[Date "2021.05.01"]
[WhiteElo "2687"]
[BlackElo "2243"]
[PlyCount "87"]

1. c4 {} c6 2. g3 d5 3. Bg2 Nf6 4. Nf3 g6 5. Qa4 Nbd7 6. cxd5 {A11: English Opening: 1...c6.} Nb6 7. Qb3 Nbxd5 {[#]} 8. Na3 $146 {White is slightly better.} ({Predecessor:} 8. 0-0 Bg7 9. a3 0-0 10. h3 h6 11. Qc2 Be6 12. e4 Nb6 13. d4 a5 14. a4 {
1-0 (50) Stupak,K (2551)-Zarubitski,V (2416) Minsk 2019} )Bg7 9. 0-0 0-0 10. d3 a5 {} 11. Bd2 b5 12. Nc2 a4 13. Qa3 Bb7 14. e4 Nb6 15. Rac1 Rc8 16. Ne3 Re8 17. Rfd1 Qc7 (17... e5 $11 )18. b4 ({White
should play} 18. Ba5 $16 )Rcd8 19. Bc3 $36 { White has good
play.} e5 20. Qb2 {} Nbd7 21. h4 h5 22. a3 Ng4 23. Nxg4 hxg4 24. Nh2 f5 {White leaves nothing to chance now.} (24... Nf6 $11 {remains equal.} )25. Qa2+ $16 Kh7 {[#]} (25... Kf8 $142 )26. h5 $1 $18 Nf6 (26... Qd6 $142 27. hxg6+ Qxg6 )27. hxg6+ Kxg6 28. exf5+ Kxf5 29. Qe2 Qd7 30. Be4+ Ke6 31. Nxg4 Nxg4 32. Qxg4+ Kd6 33. Bf5 Qe7 (33... Qf7 $142 34. d4 exd4 )34. d4 exd4 {[#]} (34... Kc7 $142 35. dxe5 Kb8 )35. Re1 $1 dxc3 36. Rxe7 Rxe7 37. Qf4+ Be5 38. Qh4 {White threatens Rd1+ and mate.} Rde8 39. Bg6 Rf8 40. Rd1+ {White mates.} Ke6 41. Qh3+ Kf6 42. Qh6 Rg7 43. Be8+ Ke7 44. Rd7+ { Double Attack. 
Weighted Error Value: White=0.13/Black=0.63} 1-0

[Event "RUS-chT Premier 2021"]
[White "Babakekhyan,Artem"]
[Black "Sakaev,Konstantin"]
[WhiteTeam "Киммерия"]
[BlackTeam "Медный всадник"]
[Site "Sochi"]
[Round "1.10"]
[Annotator "TA"]
[Result "1/2-1/2"]
[Date "2021.05.01"]
[WhiteElo "2214"]
[BlackElo "2604"]
[PlyCount "78"]

1. g3 {} e5 2. c4 d6 3. Bg2 f5 4. Nc3 Nf6 5. d3 Be7 6. Nf3 0-0 7. 0-0 Nc6 8. Rb1 Qe8 9. b4 {
A21: English Opening: 1...e5 2 Nc3.} Kh8 10. b5 Nd8 11. a4 {White is slightly
better.} Qh5 12. Bg5 {[#]} Ne6 $146 ({Predecessor:} 12... Be6 13. Bxf6 Rxf6 14. Nd5 Bxd5 15. cxd5 Rc8 16. e3 Rh6 17. h3 g5 18. e4 g4 19. Nh2 gxh3 20. Qxh5 Rxh5 21. Bf3 Rg5 22. exf5 Nf7 23. Be4 Rcg8 {1-0 (23) Lada,I (2192)-Strand,T
Benidorm 2003} )13. Bxf6 Bxf6 14. Nd5 Bd8 15. e3 Qh6 16. Qc2 f4 17. c5 Bd7 18. cxd6 cxd6 19. exf4 exf4 20. Qd2 (20. Rb4 $11 )Qh5 $15 21. Nxf4 Nxf4 22. gxf4 Bh3 $1 {} 23. Ne1 {[#]} d5 (23... Rf6 $1 $17 {} 24. Qe3 Bg4 )24. Bxh3 $11 Qxh3 25. Qe3 Qf5 (25... Qh5 {seems wilder.} 26. Ng2 Rf6 27. d4 Bc7 28. Rbc1 Bd6 )26. Ng2 Bb6 27. Qg3 Rf6 28. Rbe1 Rg6 29. Qf3 Rf8 30. Kh1 {Black must now prevent Nh4.} Rh6 31. Ne3 Qxd3 ({Don't go for} 31... Qxf4 $2 32. Qxf4 Rxf4 {[#]} 33. Nf5 $1 $18 {} (33. Nxd5 Rf8 $16 ))(31... Bxe3 {is more complex.} 32. fxe3 Qxd3 33. Rd1 Qc2 34. Qg2 Qxa4 35. Rg1 Rg8 )32. Qxd5 Qxd5+ 33. Nxd5 Bc5 34. Kg2 Rd6 35. Rd1 (35. Nc7 $5 {} )Rg6+ 36. Kf3 {The position is equal.} Rh6 37. Kg2 Rg6+ 38. Kf3 Rh6 $1 39. Kg2 Rg6+ {Weighted Error Value: White=0.12/Black=0.12} 1/2-1/2

[Event "RUS-chT Premier 2021"]
[White "Ponkratov,Pavel"]
[Black "Pervakov,Sergey"]
[WhiteTeam "Медный всадник"]
[BlackTeam "Киммерия"]
[Site "Sochi"]
[Round "1.11"]
[Annotator "TA"]
[Result "1-0"]
[Date "2021.05.01"]
[WhiteElo "2619"]
[BlackElo "2056"]
[PlyCount "57"]

1. e4 {} Nf6 2. e5 Nd5 3. d4 d6 4. Nf3 Nb6 5. exd6 cxd6 6. c4 g6 7. Nc3 Bg7 8. h3 0-0 9. Be2 Nc6 10. 0-0 Bf5 11. Bg5 h6 12. Be3 d5 13. b3 dxc4 {B04: Alekhine's Defence: 4 Nf3.} 14. bxc4 Na5 15. Qc1 Naxc4 {The position is equal.} 16. Bxh6 Rc8 {[#]} 17. Qf4 $146 ({
Predecessor:} 17. Bxg7 Kxg7 18. Bxc4 Nxc4 19. Qf4 Qd6 20. Qxd6 Nxd6 21. Rac1 Rc4 22. g4 Rfc8 23. Ne2 {0-1 (43) Bergqvist,M (2015)-Sandstrom,L (2355)
Stockholm 1996} )Qd6 18. Qh4 Bxh6 19. Qxh6 {White threatens Ng5 and mate.
} Qf6 20. Rac1 Qg7 21. Qh4 e5 $2 (21... Qf6 $11 {and Black stays safe.} )22. Bxc4 $40 { White wants a kill.} Rxc4 {[#]} 23. Nd5 {
 Deflection} Nxd5 (23... f6 24. Rxc4 )24. Rxc4 Bd3 (24... e4 $142 )25. dxe5 Bxc4 26. Qxc4 Nb6 27. Qe4 Rd8 28. Qxb7 f6 29. Qc6 {Weighted Error
Value: White=0.05/Black=0.36} 1-0

[Event "RUS-chT Premier 2021"]
[White "Motylev,Alexander"]
[Black "Petrov,Nikita"]
[WhiteTeam "Гоголевский, 14"]
[BlackTeam "Школа М. Ботвинника"]
[Site "Sochi"]
[Round "1.13"]
[Annotator "TA"]
[Result "1-0"]
[Date "2021.05.01"]
[WhiteElo "2641"]
[BlackElo "2567"]
[PlyCount "79"]

1. e4 {} e5 2. Nf3 Nc6 3. Nc3 Nf6 4. Bb5 Bc5 5. d3 0-0 6. Bxc6 {C48: Four Knights: 4 Bb5, replies other than 4...Bb4.} dxc6 7. Ne2 $5 {
 Exploring less charted territory.} Re8 8. Ng3 {The position is equal.} Nd7 {[#]} 9. Nf5 $146 ({Predecessor:} 9. 0-0 Nf8 10. Be3 Bd6 11. h3 Ng6 12. Nd2 Nf4 13. Qf3 Qh4 14. Nf5 Bxf5 15. exf5 {1-0 (28)
Garifullina,L (2394)-Bezzubenkov,S (2223) Cheliabinsk 2021} )Nf8 {With
the idea ...Bxf5.} 10. g4 Ne6 11. h4 Bd6 12. h5 c5 13. Be3 a5 14. a4 b6 15. b3 Nd4 16. Kf1 Bf8 17. N3xd4 cxd4 18. Bd2 g6 19. hxg6 fxg6 20. Nh6+ Bxh6 21. Bxh6 Qf6 22. Kg2 c5 23. f3 Ra7 24. Qd2 Rf7 25. Raf1 Qe6 26. Kg3 Qd7 27. Rh4 Ree7 28. Rh2 Re6 29. Qg5 Ref6 ({Black should play} 29... Qe7 )30. Rhf2 $16 Qc7 31. Qh4 Qd7 (31... Bd7 $16 {was called for.} 32. Bg5 Re6 )32. Bg5 $1 $18 {} Re6 {[#]} 33. f4 $1 exf4+ 34. Rxf4 Qd6 $2 (34... Rxf4 35. Rxf4 Re8 )35. Kg2 Rxf4 36. Bxf4 ({Weaker is} 36. Rxf4 Re8 $16 )Qd7 {[#]} 37. Bh6 $1 {
 White mates.} Re8 38. Qf6 Qxg4+ 39. Kf2 {
} Qd7 40. Ke1 {Weighted Error Value: White=0.02/Black=0.25} 1-0